A-Z Famous People - Texas - Statistics

General Stats
  • This quiz has been taken 114 times
  • The average score is 14 of 26
Answer Stats
Picture Hint Answer % Correct
F - Actor & Singer Jamie Foxx
88%
G - Singer & Actress Selena Gomez
87%
K - Singer & Businesswoman Beyoncé Knowles
79%
E - Military Officer & Statesman Dwight D. Eisenhower
79%
M - Actor Matthew McConaughey
77%
A - Cyclist Lance Armstrong
76%
W - Actor Owen Wilson
76%
S - Actor & Dancer Patrick Swayze
75%
J - Singer & Songwriter Janis Joplin
71%
Z - Actress Renée Zellweger
66%
U - Wrestler The Undertaker
66%
R - Singer & Songwriter Kenny Rogers
63%
I - Rapper & Actor Vanilla Ice
62%
O - Singer & Musician Roy Orbison
58%
L - Actress & Businesswoman Eva Longoria
47%
H - Aerospace Engineer & Business Magnate Howard Hughes
42%
C - Wrestler & Actor Stone Cold / Steve Austin
38%
T - Actress & Model Sharon Tate
35%
Q - Singer Selena Quintanilla
34%
D - Actor & Businesswoman Hilary Duff
33%
N - Fleet Admiral Chester W. Nimitz
31%
V - Musician Stevie Ray Vaughan
30%
B - Football Player Drew Brees
28%
P - Football Player Adrian Peterson
26%
Y - Baseball Player & Manager Chris Young
17%
X - Civil Servant Vicente T. Ximenes
1%
No matching quizzes found
Score Distribution
Percent of People with Each Score
Percentile by Number Answered
Your Score History
You have not taken this quiz